Jan Milan Krkoška - Logos - Ethos

Bibliographic Details
Format: Book
Language:German
PhysicalDescription:1 skladačka ([4] s.) 19 cm
Published: S.l. s.n. [1987]
Subjects:

MARC

LEADER 00000nam a2200000 a 4500
001 vtls001415239
003 SK-MaSNL
005 20260302060735.0
008 180815s1987 xo b r y 0 ger
020 |c b.c. 
035 |a SNK000369973 
040 |a SNK  |b slo  |c SNK  |e AACR2 
041 0 |a ger 
044 |a xo  |c SK 
080 |a 659.132.21  |2 1981 
245 1 |a Jan Milan Krkoška - Logos - Ethos 
260 |a S.l.  |b s.n.  |c [1987] 
300 |a 1 skladačka ([4] s.)  |c 19 cm 
650 0 7 |a skladačky  |2 SNK  |9 284429 
958 |a OND 
999 |c 1122421  |d 1124351 
952 |t P60, <03>, [BOOK], {603}  |a SNK  |b SNK  |y PREZ  |7 0  |p 17A0305682  |o snkOSD 8532  |i snkD 1028/2001  |0 0  |1 0  |4 0  |d 2001-06-14  |l 0  |r 2005-01-02 00:00:00  |w 2026-02-24